Hydrology of the Tertiary-Cretaceous aquifer system in the vicinity of Fort Rucker Aviation Center, Alabama /

Bibliographic Details
Main Author: Scott, John C., 1926-
Corporate Authors: U.S. Army Aviation Center, Fort Rucker (Ala.), Geological Survey (U.S.)
Other Authors: Law, Linda R., Cobb, Riley H.
Format: Government Document Book
Language:English
Published: Montgomery, Ala. : Denver, Colo. : U.S. Dept. of the Interior, Geological Survey ; Open-File Services Section, U.S. Geological Survey, 1985.
Series:Water-resources investigations report ; 84-4118.
Subjects:

MARC

Tag First Indicator Second Indicator Subfields
LEADER 00000cam a2200000 a 4500
001 in00000853413
005 20151019071155.0
008 841201s1985 aluab b f00010 eng d
010 |a gp 85025188  
035 |a (OCoLC)11459746 
035 |9 AED4986AM 
040 |a GIS  |c GIS  |d AGL  |d GPO  |d UtOrBLW 
043 |a n-us-al 
070 |a GB701.W375  |b no.84-4118 
072 0 |a P200 
074 |a 624-B 
086 0 |a I 19.42/4:84-4118 
100 1 |a Scott, John C.,  |d 1926- 
245 1 0 |a Hydrology of the Tertiary-Cretaceous aquifer system in the vicinity of Fort Rucker Aviation Center, Alabama /  |c by John C. Scott, Linda R. Law, and Riley H. Cobb ; prepared in cooperation with the Department of the Army, Headquarters, United States Army Aviation Center and Fort Rucker. 
264 1 |a Montgomery, Ala. :  |b U.S. Dept. of the Interior, Geological Survey ;  |a Denver, Colo. :  |b Open-File Services Section, U.S. Geological Survey,  |c 1985. 
300 |a v, 221 pages :  |b illustrations, maps ;  |c 28 cm. 
336 |a text  |b txt  |2 rdacontent 
337 |a unmediated  |b n  |2 rdamedia 
338 |a volume  |b nc  |2 rdacarrier 
490 1 |a Water-resources investigations report ;  |v 84-4118 
500 |a Chiefly tables. 
504 |a Bibliography: pages 34-35. 
650 0 |a Groundwater  |z Alabama  |z Fort Rucker. 
700 1 |a Law, Linda R. 
700 1 |a Cobb, Riley H. 
710 2 |a U.S. Army Aviation Center. 
710 2 |a Fort Rucker (Ala.) 
710 2 |a Geological Survey (U.S.) 
830 0 |a Water-resources investigations report ;  |v 84-4118. 
999 |a MARS 
999 f f |s 6716e6f3-fc61-3883-a9a1-a147920535ec  |i be251f45-3e79-3dce-9787-ab9df1a04309  |t 0 
952 f f |p normal  |a Texas A&M University  |b College Station  |c Sterling C. Evans Library  |d Evans: US Documents (Annex 5th floor)  |t 0  |e I 19.42/4:84-4118  |h Superintendent of Documents classification  |i unmediated -- volume  |m A14814523708 
998 f f |a I 19.42/4:84-4118  |t 0  |l Evans: US Documents (Annex 5th floor)